The village in India / (Record no. 53146)

MARC details
000 -LEADER
fixed length control field 01045nam a22002417a 4500
005 - DATE AND TIME OF LATEST TRANSACTION
control field 20110624115843.0
010 ## - LCCN (DPL NO)
LC control number B-430958
020 ## - INTERNATIONAL STANDARD BOOK NUMBER
International Standard Book Number 9780195672008
Terms of availability 395.00
035 ## - SYSTEM CONTROL NUMBER
System control number B-430958
037 ## - SOURCE OF ACQUISITION
Source of stock number/acquisition Oxford University Press
037 ## - SOURCE OF ACQUISITION
Source of stock number/acquisition Allied Pub/Ven
082 ## - DEWEY DECIMAL CLASSIFICATION NUMBER
Classification number 307.720954
245 ## - TITLE STATEMENT
Title The village in India /
Statement of responsibility, etc edited by Vandana Madan
260 ## - PUBLICATION, DISTRIBUTION, ETC. (IMPRINT)
Place of publication, distribution, etc New Delhi
Name of publisher, distributor, etc Oxford University Press
Date of publication, distribution, etc 2010
270 ## - ADDRESS
Address YMCA Library Building, Jai Singh Road
City New Delhi
Postal code 110001
300 ## - PHYSICAL DESCRIPTION
Extent xv, 477p.
Dimensions 24cm(pbk)
500 ## - GENERAL NOTE
General note Includes index
700 ## - ADDED ENTRY--PERSONAL NAME
Personal name Madan, Vandana
9 (RLIN) 28765
942 ## - ADDED ENTRY ELEMENTS (KOHA)
Source of classification or shelving scheme Dewey Decimal Classification
Item type English Books
Call number suffix VIL
Classification part 307.720954
Holdings
Withdrawn status Lost status Not for loan Home library Current library Date acquired Cost, normal purchase price Full call number Cost, replacement price Koha item type Collection code Source of acquisition Barcode Copy number
      Andrews Gunj Andrews Gunj 24/06/2011 395.00 VIL 395.00 English Books        
      Central Library Central Library 30/06/2011 395.00 307.720954 VIL 395.00 English Books Non-fiction Allied Pub/2951/29.3.11/78/14.3.11/31.3.11 B-430958 1

© Delhi Public Library
Hit Counter
free hit counter